Operačná analýza v podnikovej praxi

Saved in:
Bibliographic Details
Main Author: Brezina, Ivan, 1963-
Corporate Author: Ekonomická univerzita v Bratislave. Fakulta hospodárskej informatiky
Other Authors: Pekár, Juraj, 1972-, Chocholatá, Michaela, 1977-, Fiala, Petr
Format: Book
Language:Slovak
Published: Bratislava Vydavateľstvo EKONÓM 2014
Edition:1. vyd.
Subjects:
Tags: Add Tag
No Tags, Be the first to tag this record!

MARC

LEADER 00000nam a2200000 4500
001 0195813
005 20240502073307.2
020 |a 978-80-225-4012-4 
041 0 |a slo 
044 |a SK 
245 1 0 |a Operačná analýza v podnikovej praxi  |c Ivan Brezina, Juraj Pekár ; recenzenti: Michaela Chocholatá, Petr Fiala 
250 |a 1. vyd. 
264 1 |a Bratislava  |b Vydavateľstvo EKONÓM  |c 2014 
300 |a 280 s. [17,82 AH] 
610 2 0 |a analýza operačná 
610 2 0 |a procesy podnikové 
610 2 0 |a modely štruktúrne 
610 2 0 |a programovanie lineárne 
610 2 0 |a modely distribučné 
610 2 0 |a teória grafov 
610 2 0 |a analýza sieťová 
610 2 0 |a zásoby 
610 2 0 |a modely obnovy 
100 1 |a Brezina, Ivan, 1963- 
700 1 |a Pekár, Juraj, 1972- 
700 1 |a Chocholatá, Michaela, 1977- 
700 1 |a Fiala, Petr 
710 2 |a Ekonomická univerzita v Bratislave. Fakulta hospodárskej informatiky